| 000 | 01438nam a22003617a 4500 | ||
|---|---|---|---|
| 001 | 10597969 | ||
| 003 | LIBRIS | ||
| 005 | 20241030092719.0 | ||
| 008 | 071108s2006 xxu|||||||||||000 ||eng|c | ||
| 020 | _a9780815752219 | ||
| 020 | _a0815752210 | ||
| 040 |
_aSipr _ea _beng _cDLC |
||
| 041 | _aeng | ||
| 080 |
_a32 _bL-62 |
||
| 100 | 1 | _aLevy, Santiago | |
| 245 | 1 | 0 |
_aProgress against poverty : _bsustaining Mexico's Progresa-Oportunidades program / _c/ by: Brookings Institution Press |
| 260 |
_aWashington, D.C. _bBrookings Institution Press, _c2006 |
||
| 300 |
_ax, 166 p. _bill. |
||
| 650 | 7 |
_adeveloping countries _zMexico _2sipri |
|
| 650 | 0 |
_aPolitics _9443 |
|
| 651 | 7 |
_aMexico _xpoverty _xsocial conditions _xeducation _2sipri |
|
| 653 | _aპოლიტიკა | ||
| 653 | _aგანვითარებადი ქვეყნები | ||
| 653 | _aმექსიკა | ||
| 887 |
_a{"@id":"9sllc44m2nsgd1r","modified":"2018-10-30T23:00:00+01:00","checksum":"20562653393"} _2librisxl |
||
| 887 |
_a{"@id":"kwncmct6h29r0m92","modified":"2020-01-13T14:05:51.651+01:00","checksum":"12508739057"} _2librisxl |
||
| 887 |
_a{"@id":"jnvrllnp08zh3gw","modified":"2010-09-29T08:49:32+02:00","checksum":"2482340195"} _2librisxl |
||
| 942 |
_2udc _cBK |
||
| 999 |
_c895 _d895 |
||